Herodotus, book VIII /

محفوظ في:

المؤلف الرئيسي: Herodotus (مؤلف)

مؤلفون آخرون: Powell, J. Enoch. 1912-1998.

التنسيق: كتاب

اللغة: Ancient Greek
English

منشور في: Cambridge : University press, 1939.

سلاسل: Pitt press series.

الموضوعات:

الوسوم: إضافة وسم

لا توجد وسوم, كن أول من يضع وسما على هذه التسجيلة!

رقم الطلب: PA4002 .A38 1939

LEADER 01233nam a2200349I 4500
001 4512
003 OSt
005 20200428062142.0
008 130303s1939 enkb e 000 0 grc d
952 |0 0  |1 0  |2 lcc  |4 0  |6 PA4002 A38 01939  |7 1  |9 1693  |a ARCE  |b ARCE  |d 2020-04-28  |l 0  |o PA4002 .A38 1939  |p 1001517  |r 2020-04-28 00:00:00  |w 2020-04-28  |y BK 
999 |c 3277  |d 3277 
010 |a 40005101 
035 |a ocm01957943 
040 |c ARCE Library 
041 1 |a eng  |h grc 
050 0 4 |a PA4002 .A38 1939  
100 0 |a Herodotus,  |e author  |9 31965 
245 1 0 |a Herodotus, book VIII /  |c edited by J. Enoch Powell. 
264 1 |a Cambridge :  |b University press,  |c 1939. 
300 |a xxvi, 166 pages :  |b folded (map) ;  |c 18 cm. 
336 |a text  |b txt  |2 rdacontent 
337 |a unmediated  |b n  |2 rdamedia 
338 |a volume  |b nc  |2 rdacarrier 
490 0 |a Pitt press series. 
650 0 |a Salamis, Battle of, Greece, 480 B.C.  |9 2168 
700 1 |a Powell, J. Enoch.  |q (John Enoch),  |d 1912-1998. 
901 |a reviewed 
907 |a .b24258003  |b 02-04-08  |c 01-30-08 
942 |c BK  |2 lcc 
945 |a PA4002 .A38 1939  |g 1  |i mq225406  |l 1arce  |o z  |p $0.00  |q    |r    |s w  |t 0  |u 0  |v 0  |w 0  |x 0  |y .i31333680  |z 02-04-08 
949 |a PA4002 .A38 1939  |c arcesim 
998 |b 01-30-08  |c m  |d -  |i 1